Statistics for Mincraft mobs quiz

Click here to take the quiz!

General Stats

  • This quiz has been taken 83 times
  • The average score is 12 of 15

Answer Stats

HintAnswer% Correct
MoooooooCow
93%
You can shearSheep
93%
BoomCreeper
90%
Fortress SkeletonsWither
Skeleton
90%
End bossEnder Dragon
88%
Bones!Skeleton
88%
Uses PotionsWitch
88%
Trade them goldPiglin
86%
Wants your
brains
Zombie
86%
PorkPig
79%
Drops pearlEnderman
76%
Protects VillagesIron Golem
76%
Rules Ancient CityWarden
76%
Three headsWither
76%
Flying nether
mob
Ghast
60%

Score Distribution

Percentile by Number Answered

Percent of People with Each Score

Your Score History

You have not taken this quiz